| Tag |
First Indicator |
Second Indicator |
Subfields |
| LEADER |
00000ces a2200000Ii 4500 |
| 001 |
in00003539821 |
| 005 |
20151105195604.0 |
| 006 |
sar f0 0 |
| 007 |
aj canzn |
| 008 |
150414c20159999dcu ca c f 0 eng d |
| 034 |
1 |
|
|a a
|b 100000
|
| 035 |
|
|
|a (OCoLC)ocn907291945
|
| 040 |
|
|
|a GPO
|b eng
|e rda
|c GPO
|d GPO
|d MvI
|d UtOrBLW
|
| 043 |
|
|
|a n-us-wa
|
| 049 |
|
|
|a UDOC
|
| 052 |
|
|
|a 4282
|b C62
|
| 074 |
|
|
|a 0086-C-02
|
| 086 |
0 |
|
|a A 13.36/2-9:C 72/2/
|z A 13.36/2-9:C 78/2/
|
| 110 |
1 |
|
|a United States.
|b Forest Service,
|e cartographer.
|
| 245 |
1 |
0 |
|a Firewood cutting & removal map, Sullivan Lake & Newport Ranger District, Three Rivers Ranger District .... :
|b Colville National Forest /
|c Forest Service, U.S. Department of Agriculture.
|
| 246 |
1 |
6 |
|a Colville National Forest ... firewood map
|
| 255 |
|
|
|a Scale approximately 1:100,000.
|
| 264 |
|
1 |
|a [Washington, D.C.] :
|b U.S. Department of Agriculture, Forest Service,
|c 2015-
|
| 300 |
|
|
|a maps :
|b both sides, color ;
|c 60 x 53 cm, on sheet 88 x 58 cm
|
| 310 |
|
|
|a Annual
|
| 336 |
|
|
|a cartographic image
|b cri
|2 rdacontent
|
| 337 |
|
|
|a unmediated
|b n
|2 rdamedia
|
| 338 |
|
|
|a sheet
|b nb
|2 rdacarrier
|
| 362 |
1 |
|
|a Began with 2015.
|
| 500 |
|
|
|a Includes text and illustrations.
|
| 588 |
|
|
|a Description based on: 2015.
|
| 588 |
|
|
|a Latest issue consulted: 2015.
|
| 650 |
|
0 |
|a Fuelwood cutting
|z Washington (State)
|z Colville National Forest
|v Maps.
|
| 651 |
|
0 |
|a Colville National Forest (Wash.)
|v Maps.
|
| 655 |
|
7 |
|a Thematic maps.
|2 lcgft
|
| 999 |
|
|
|a MARS
|
| 999 |
f |
f |
|s 9eda1615-a46f-3fe9-86ba-c54530440a4a
|i 0031b335-1083-36a7-901d-41243938f866
|t 0
|
| 952 |
f |
f |
|p normal
|a Texas A&M University
|b College Station
|c Sterling C. Evans Library
|d Evans: Maps File (2nd floor)
|t 0
|e A 13.36/2-9:C 72/2/
|h Superintendent of Documents classification
|i unmediated -- sheet
|k 2017
|m A14842687908
|
| 952 |
f |
f |
|p normal
|a Texas A&M University
|b College Station
|c Sterling C. Evans Library
|d Evans: Maps File (2nd floor)
|t 0
|e A 13.36/2-9:C 72/2/
|h Superintendent of Documents classification
|i unmediated -- sheet
|k 2016
|m A14842660723
|
| 952 |
f |
f |
|p normal
|a Texas A&M University
|b College Station
|c Sterling C. Evans Library
|d Evans: Maps File (2nd floor)
|t 0
|e A 13.36/2-9:C 72/2/
|h Superintendent of Documents classification
|i unmediated -- sheet
|k 2018
|m A14850642464
|
| 952 |
f |
f |
|p normal
|a Texas A&M University
|b College Station
|c Sterling C. Evans Library
|d Evans: Maps File (2nd floor)
|t 0
|e A 13.36/2-9:C 72/2/
|h Superintendent of Documents classification
|i unmediated -- sheet
|k 2015
|m A14842648892
|
| 998 |
f |
f |
|a A 13.36/2-9:C 72/2/
|s 2015-2018
|t 0
|l Evans: Maps File (2nd floor)
|